| 000 | 00606nam a22001817a 4500 | ||
|---|---|---|---|
| 003 | CEME | ||
| 005 | 20210628203429.0 | ||
| 008 | 210122b xxu||||| |||| 00| 0 eng d | ||
| 020 | _a0-471-72346-0 | ||
| 040 | _c. | ||
| 082 | _a621.38216 LIU | ||
| 100 |
_aLiu, Hui , Li, Guoqing , Guoqing Li _965409 |
||
| 245 | _aOfdm based broadband wireless networks , design and optimization | ||
| 260 |
_aNEW YORK _bJOHN WILEY _c2005 |
||
| 300 | _aXII,250 P | ||
| 650 |
_aORTHOGONAL FREQUENCY DIVISION MULTIPLEXING, WIRELESS COMMUNICATION SYSTEMS.OFDM FUNDAMENTALS..OFDMA BASED NETWORKS. _965410 |
||
| 942 |
_cBK _2ddc |
||
| 999 |
_c573629 _d573629 |
||